00265 a2200121 4500001000700000020001800007040001100025100001500036240004000051245003500091300000800126362000900134183314 a85-323-0170-3 cMagnum aFux, Maria10aDança, experiência de vidalpor10aDança, experiência de vida a1380 a1983